| 000 | 00921nam a2200169 i 4500 | ||
|---|---|---|---|
| 001 | 163922 | ||
| 003 | ES-MaACL | ||
| 005 | 20230906212834.0 | ||
| 008 | 050722s1837 sp | |||||||| ||spa d | ||
| 080 | _a94(460.152 B.)"1835/36" | ||
| 100 | 1 |
_aRomea, Policarpo. _9132026 |
|
| 245 | 1 | 0 |
_aElogio fúnebre que en las solemnes exequias decretadas por S.M. en sufragio de los valientes del Ejército, guarnición de Bilbao y milicia nacional que han perecido en su último y glorioso sitio : _bcelebradas por... Ayuntamiento de Zaragoza en la... Iglesia Metropolitana de Ntra. Sra. del Pilar... / _cpronunció el día 5 de febrero de 1837 Policarpo Romea... |
| 260 |
_aZaragoza : _b[s.n.], _c1837 ( _fImp. de Polo y Monge, Hermanos) |
||
| 300 |
_a10 p. ; _c18 cm. |
||
| 651 | 4 |
_aBilbao- _xHistoria- _y1835-1836, Sitio. _9169521 |
|
| 852 | 4 |
_aES-MaACL _jT-20-F-2 _z- Enc. hol., falto de cub. original _z- Enc. en un vol. facticio |
|
| 999 |
_c163922 _d163922 |
||